000 01426cam a2200373 i 4500
999 _c4250
_d4250
001 691298
003 INLPI
005 20250204084114.0
008 190711t20172002enka b 000 j eng d
020 _a9781840114911
_q(paperback) :
_cGBP6.99
035 _a(SPYDUS)738222
040 _aNLPI
_beng
_cNLPI
_dNLPI
_erda
042 _anbic
050 0 0 _aPZ7.B285675
_bMan 2002
082 0 _a823.914
_bB294
100 1 _aBartram, Simon,
_eauthor.
245 1 0 _aMan on the Moon :
_b(a day in the life of Bob) /
_cSimon Bartram.
246 3 0 _aDay in the life of Bob.
264 1 _aLondon :
_bTemplar,
_c2017.
264 4 _c©2002.
300 _a1 vulume (unpaged) :
_bcolor illustrations ;
_c30 cm.
336 _atext
_btxt
_2rdacontent.
336 _astill image
_bsti
_2rdacontent.
337 _aunmediated
_bn
_2rdamedia.
338 _avolume
_bnc
_2rdacarrier.
500 _aThis is Bob looking after the moon.He knows everything about it,but he's unaware about ALIENS!
500 _a"15 years of Bob"--Cover.
500 _aOriginally published: 2004.
520 8 _aPresents a typical day in the life of Bob, the man on the moon, who rockets to work each morning, cleans up after the astronauts, and performs other duties before returning home for a bath and bed.
650 0 _aAstronauts
_vJuvenile fiction.
651 0 _aMoon
_vJuvenile fiction.
655 0 _aChildren's stories
_vPictorial works.
942 _2ddc
_cNFIC